Non-linear hysteresis models for ultra-high damping NR structural dampers (Record no. 64005)
[ view plain ]
| 000 -LEADER | |
|---|---|
| fixed length control field | 01302nam a2200265Ia 4500 |
| 100 ## - MAIN ENTRY--AUTHOR NAME | |
| Personal name | Sause Richard |
| 245 #0 - TITLE STATEMENT | |
| Title | Non-linear hysteresis models for ultra-high damping NR structural dampers |
| 260 ## - PUBLICATION, DISTRIBUTION, ETC. (IMPRINT) | |
| Name of publisher | Journal of Rubber Research |
| Year of publication | 2002 |
| 300 ## - PHYSICAL DESCRIPTION | |
| Number of Pages | 222-244 |
| 520 ## - SUMMARY, ETC. | |
| Summary, etc | Models for ultra-high damping natural rubber (UHDNR), a new material for structural dapmers, are investigated. Experimental tests of structural dampers made from UHDNR and the observed mechanical properties are summarised. Two load rate independent hysteresis models, which are more accurate for UHDNR than existing hysteresis models, are proposed. Good agreements is observed between the experimental results and the models. The more complex of the two models, the sequential asymptote model, represents accurately the behaviour of UHDNR under the random load histories that are anticipated for structural dampers. |
| 650 ## - SUBJECT ADDED ENTRY--TOPICAL TERM | |
| Topical Term | Hysteresis |
| 650 ## - SUBJECT ADDED ENTRY--TOPICAL TERM | |
| Topical Term | Mechanical properties |
| 650 ## - SUBJECT ADDED ENTRY--TOPICAL TERM | |
| Topical Term | Model |
| 650 ## - SUBJECT ADDED ENTRY--TOPICAL TERM | |
| Topical Term | Non-linear |
| 650 ## - SUBJECT ADDED ENTRY--TOPICAL TERM | |
| Topical Term | NR |
| 650 ## - SUBJECT ADDED ENTRY--TOPICAL TERM | |
| Topical Term | Random load |
| 650 ## - SUBJECT ADDED ENTRY--TOPICAL TERM | |
| Topical Term | Structural dampers |
| 650 ## - SUBJECT ADDED ENTRY--TOPICAL TERM | |
| Topical Term | Ultra-high damping |
| 700 ## - ADDED ENTRY--PERSONAL NAME | |
| Personal name | Ab-Malek Kamarudin |
| 700 ## - ADDED ENTRY--PERSONAL NAME | |
| Personal name | Lee Kyung-Sik |
| 700 ## - ADDED ENTRY--PERSONAL NAME | |
| Personal name | Lu Le-Wu |
| 700 ## - ADDED ENTRY--PERSONAL NAME | |
| Personal name | Ricles James |
| 942 ## - ADDED ENTRY ELEMENTS (KOHA) | |
| Koha item type | Journals |
| Withdrawn status | Lost status | Damaged status | Not for loan | Home library | Current library | Shelving location | Date acquired | Serial Enumeration / chronology | Koha item type |
|---|---|---|---|---|---|---|---|---|---|
| Journals | RRII Library | RRII Library | Rubber chemistry | 30/01/2002 | Volume 4, Issue 4 | Journals |